PC TOOLS verze 7 Windows Utility

Enregistré dans:
Détails bibliographiques
Format: Livre
Langue:tchèque
Publié: Slušovice SWS Software 1992
Édition:1. vyd.
Tags: Ajouter un tag
Pas de tags, Soyez le premier à ajouter un tag!

MARC

LEADER 00000nam a2200000 4500
001 c001713
005 20240201131203.2
041 0 |a cze 
044 |a CZ 
245 1 0 |a PC TOOLS verze 7  |b Windows Utility 
250 |a 1. vyd. 
264 1 |a Slušovice  |b SWS Software  |c 1992 
300 |a 110 s.